নারীবাদ ও দার্শনিক প্রেক্ষাপট / (Record no. 39229)
[ view plain ]
| 000 -LEADER | |
|---|---|
| fixed length control field | 00939nam a2200241 a 4500 |
| 001 - CONTROL NUMBER | |
| control field | 39229 |
| 003 - CONTROL NUMBER IDENTIFIER | |
| rucl marc code | BD-RjUL |
| 005 - DATE AND TIME OF LATEST TRANSACTION | |
| control field | 20211209052939.0 |
| 008 - FIXED-LENGTH DATA ELEMENTS--GENERAL INFORMATION | |
| fixed length control field | 160406b20112005bg ||||e |||| 00| 0 ben d |
| 020 ## - INTERNATIONAL STANDARD BOOK NUMBER | |
| International Standard Book Number | 9847000001648 |
| Terms of availability | Tk.150.00 |
| 035 ## - SYSTEM CONTROL NUMBER | |
| System control number | (BD-RjUL)39341 |
| 040 ## - CATALOGING SOURCE | |
| Original cataloging agency | BD-RjUL |
| Language of cataloging | ben |
| Transcribing agency | BD-RjUL |
| 041 ## - LANGUAGE CODE | |
| Language code of text/sound track or separate title | ben |
| 082 ## - DEWEY DECIMAL CLASSIFICATION NUMBER | |
| Edition number | 23 |
| Author mark and year | KHF 2011 |
| Classification number | 305.42 |
| 100 ## - MAIN ENTRY--PERSONAL NAME | |
| Personal name | খানম, রাশিদা আখতার |
| 9 (RLIN) | 120969 |
| 245 ## - TITLE STATEMENT | |
| Title | নারীবাদ ও দার্শনিক প্রেক্ষাপট / |
| Statement of responsibility, etc. | রাশিদা আখতার খানম |
| 260 ## - PUBLICATION, DISTRIBUTION, ETC. (IMPRINT) | |
| Place of publication, distribution, etc. | ঢাকা : |
| Name of publisher, distributor, etc. | জাতীয় সাহিত্য প্রকাশ, |
| Date of publication, distribution, etc. | ২০১১ |
| 300 ## - PHYSICAL DESCRIPTION | |
| Pagination | ১২২ পৃ.; |
| Size | ২২ সে.মি. |
| 504 ## - BIBLIOGRAPHY, ETC. NOTE | |
| Bibliography, etc | তথ্যপঞ্জি ও গ্রন্থপঞ্জি সম্বিলিত |
| 650 ## - SUBJECT ADDED ENTRY--TOPICAL TERM | |
| Topical term or geographic name as entry element | নারীবাদ |
| 9 (RLIN) | 121006 |
| Topical term or geographic name as entry element | Feminism |
| 9 (RLIN) | 121007 |
| 942 ## - ADDED ENTRY ELEMENTS (KOHA) | |
| Source of classification or shelving scheme | Dewey Decimal Classification |
| Koha item type | Books |
| Lost status | Source of classification or shelving scheme | Damaged status | Not for loan | Permanent Location | Current Location | Shelving location | Date acquired | Source of acquisition | Cost, normal purchase price | Total Checkouts | Full call number | Date last seen | Copy number | Koha item type | Checked out | Date checked out |
|---|---|---|---|---|---|---|---|---|---|---|---|---|---|---|---|---|
| Dewey Decimal Classification | Not For Loan | Central Library, University of Rajshahi | Central Library, University of Rajshahi | Reading Room | 29/07/2013 | Jatiya Sahity Prakash, Dhaka. | 150.00 | B 305.42 KHF 2011 | 06/04/2016 | C-1 | Books | |||||
| Dewey Decimal Classification | Central Library, University of Rajshahi | Central Library, University of Rajshahi | 29/07/2013 | Jatiya Sahity Prakash, Dhaka. | 150.00 | 3 | B 305.42 KHF 2011 | 13/04/2026 | C-2 | Books | 28/04/2026 | 13/04/2026 | ||||
| Dewey Decimal Classification | Central Library, University of Rajshahi | Central Library, University of Rajshahi | 29/07/2013 | Jatiya Sahity Prakash, Dhaka. | 150.00 | 1 | B 305.42 KHF 2011 | 25/08/2022 | C-3 | Books | 16/08/2022 |